Platinum notes :USMLE STEP -1

Saved in:
Bibliografiske detaljer
Hovedforfatter: HASSAN, Ashfaq UI
Format: Bog
Sprog:engelsk
Udgivet: Jaypee Brothers Medical Publishers 2013
Tags: Tilføj Tag
Ingen Tags, Vær først til at tagge denne postø!

MARC

LEADER 00000nam a22000007a 4500
008 240830b |||||||| |||| 00| 0 eng d
020 |a 978935090344 
100 |a HASSAN, Ashfaq UI 
245 |a Platinum notes  |b :USMLE STEP -1  |c /Ashfag UI Hassan  |g xi, 773p 
260 |b Jaypee Brothers Medical Publishers  |c 2013  |h NewDelhi  |i 701625  |i 701626  |l R834.5.H27  |m Medicine- Examinations, questions, etc  |m Medicine, Outlines, syllabi, etc 
942 |a lcc  |c BK  |e Johnson  |f 30/08/24 
952 |0 0  |1 0  |2 lcc  |4 0  |6 R08345 H27  |7 0  |9 5549  |a HE  |b HOL  |c QZ  |d 2024-08-30  |l 0  |o R834.5.H27  |p 2024-0788  |r 2024-08-30 00:00:00  |t 701625  |w 2024-08-30  |y BK 
952 |0 0  |1 0  |2 lcc  |4 0  |6 R08345 H27  |7 0  |9 5550  |a HOL  |b HOL  |c QZ  |d 2024-08-30  |l 0  |o R834.5.H27  |p 2024-0789  |r 2024-08-30 00:00:00  |t 701625  |w 2024-08-30  |y BK 
999 |c 2740  |d 2740